000 00875cam a2200193 4500
001 WB3823-03
008 020625n2002 000 0 eng u
035 _a(Sirsi) u118513
245 _aSurvey looks at services to construction
260 _c2002
490 _aPlanning (for the Natural and Built Environment)
_v21 June 2002, 3(1)
520 _aThe Construction Industry Council is targeting engineering and surveying firms as well as planning and architectural practices in a survey to explore the economic value of the construction sector, its size, growth and employment characteristics. The survey aims to highlight the role of construction professional services and inform government and industry policy.
590 _aWB
650 _aCONSTRUCTION SECTOR
650 _aSURVEYS
650 _aCONSTRUCTION SERVICES
690 _aBUILT ENVIRONMENT
942 _n0
999 _c70559
_d70559